Metrology and Instrumentation: Practical Application for Engineering and Manufacturing. (Record no. 3262)

MARC details
005 - DATE AND TIME OF LATEST TRANSACTION
control field 20250611131450.0
020 ## - INTERNATIONAL STANDARD BOOK NUMBER
International Standard Book Number 978-1-119-7217-4
082 ## - DEWEY DECIMAL CLASSIFICATION NUMBER
Classification number 620 MEK
100 ## - MAIN ENTRY--PERSONAL NAME
Author name MEKID, S.
245 ## - TITLE STATEMENT
Title Metrology and Instrumentation: Practical Application for Engineering and Manufacturing.
260 ## - PUBLICATION, DISTRIBUTION, ETC.
Place of publication, distribution, etc. USA,
Name of publisher, distributor, etc. John Wiley & Sons,
Date of publication, distribution, etc. 2022.
300 ## - PHYSICAL DESCRIPTION
Extent xviii,357p.; ill.; figures, pictures, table.
Other physical details Index & References
Dimensions 25cm.
942 ## - ADDED ENTRY ELEMENTS (KOHA)
Source of classification or shelving scheme Dewey Decimal Classification
Koha item type Books
Holdings
Date last seen Total checkouts Full call number Barcode Cost, replacement price Price effective from Koha item type Lost status Source of classification or shelving scheme Damaged status Not for loan Withdrawn status Home library Current library Shelving location Date acquired Cost, normal purchase price
06/06/2025   620 MEK DOM000105 999999.99 06/06/2025 Books   Dewey Decimal Classification       CBE Dodoma CBE Dodoma Special Reserve Collection 03/12/2025 380883.00